000 00452nab a22001457 4500
003 ES-SlBCS
005 20220313121120.0
008 140317s2013 sp ||||| |||| 00| 0 spa d
040 _aES-SlBC
_bspa
041 _aspa
100 1 _aBrighenti, Agenor
_949120
245 1 3 _aLa teología de la liberación en un congreso orientado al futuro
_cAgenor Brighenti
773 0 _gNúm. 350, 2013, págs. 127-136
_tConcilium
_wRev134
_x0210-1041
942 _2lcc
_cAR
999 _c451999
_d451999